Zi ji de yan se (Chinese)

Bibliographic Details
Main Author: Lionni, Leo
Other Authors: Ajia
Format: Book
Published: Haikon : Nan hai chu ban gong si , 2011
Series:Ain xin shu hui ben guan ; 266
Li'ou Li'aoni zuo pin ji ; 9

MARC

LEADER 00000cam a2200000 7i4500
001 0000033901
005 20120927.0
008 120927
020 |a 7544253161 
090 0 0 |a JP   |b CHI 
100 1 |a Lionni, Leo 
245 1 0 |a Zi ji de yan se (Chinese)   |c Liou liaoni wen, tu   |f Ajia yi 
246 1 0 |a Color of his own 
260 |a Haikon :   |b Nan hai chu ban gong si ,   |c 2011 
440 |a Ain xin shu hui ben guan ; 266 
440 |a Li'ou Li'aoni zuo pin ji ; 9 
700 1 |a Ajia 
999 |a 0001157791   |b Book   |c Chinese Collection   |e Perbadanan Perpustakaan Awam Johor